[Event "AUT-ch Vor2 Internet"]
[Site "Playchess.com INT"]
[Date "2020.04.13"]
[Round "7"]
[White "Kwech, Martin"]
[Black "Maderner, Arnulf"]
[Result "1/2-1/2"]
[WhiteElo "1105"]
[BlackElo "1687"]
[PlyCount "152"]
[EventDate "2020.04.13"]
[EventType "swiss (blitz)"]
[EventRounds "9"]
[EventCountry "AUT"]
[SourceTitle "CBM 195 Extra"]
[Source "ChessBase"]
[SourceDate "2020.05.31"]
[SourceVersion "1"]
[SourceVersionDate "2020.05.31"]
[SourceQuality "1"]

1. e4 c5 2. Nf3 d6 3. d4 cxd4 4. Nxd4 Nf6 5. Nc3 a6 6. Be3 Qc7 7. f3 Nc6 8. Bc4 e6 9. Bb3 Be7 10. Ba4 Bd7 11. Bxc6 bxc6 12. 0-0 c5 13. Nde2 0-0 14. Bf2 Rab8 15. Rb1 Qa5 16. a3 Rb7 17. Be1 Qc7 18. Bf2 Rfb8 19. Qc1 Bc6 20. Bh4 Ne8 21. Bxe7 Qxe7 22. Nf4 Qf6 23. Nd3 Nc7 24. Nd1 Bb5 25. Re1 a5 26. Nc3 Bxd3 27. cxd3 Qd4+ 28. Kf1 Qxd3+ 29. Kg1 Qa6 30. Qd2 Nb5 31. Nxb5 Rxb5 32. Red1 R5b6 33. e5 d5 34. f4 c4 35. Qc3 Rb5 36. a4 Rb3 37. Qc2 Qb6+ 38. Kh1 Rxb2 39. Rxb2 Qxb2 40. Qxb2 Rxb2 41. Kg1 c3 42. Rc1 c2 43. Kf2 d4 44. Ke2 Ra2 45. Kd2 Rxa4 46. Rxc2 g6 47. Rc8+ Kg7 48. Rd8 Ra2+ 49. Kd3 Rxg2 50. Rxd4 Rxh2 51. Ra4 Rf2 52. Ke3 Rf1 53. Rxa5 h5 54. Ra7 h4 55. Ra2 Rh1 56. Rg2 Kh6 57. Kf3 Kh5 58. Rg5+ Kh6 59. Rg2 Kg7 60. Kg4 f6 61. exf6+ Kxf6 62. Kf3 e5 63. fxe5+ Kxe5 64. Rxg6 Kf5 65. Rg8 Rh3+ 66. Kg2 Re3 67. Rf8+ Kg4 68. Rg8+ Kh5 69. Rh8+ Kg5 70. Rg8+ Kf6 71. Rh8 Re4 72. Kh3 Kg5 73. Rg8+ Kf6 74. Rg4 Re3+ 75. Kxh4 Kf5 76. Rg5+ Kf6 1/2-1/2

[Event "AUT-ch Vor2 Internet"]
[Site "Playchess.com INT"]
[Date "2020.04.13"]
[Round "6"]
[White "Maderner, Arnulf"]
[Black "Erlacher, Herbert"]
[Result "0-1"]
[WhiteElo "1687"]
[BlackElo "1842"]
[PlyCount "142"]
[EventDate "2020.04.13"]
[EventType "swiss (blitz)"]
[EventRounds "9"]
[EventCountry "AUT"]
[SourceTitle "CBM 195 Extra"]
[Source "ChessBase"]
[SourceDate "2020.05.31"]
[SourceVersion "1"]
[SourceVersionDate "2020.05.31"]
[SourceQuality "1"]

1. e4 c6 2. d4 d5 3. Nc3 dxe4 4. Nxe4 Nd7 5. Nf3 Ndf6 6. Ng3 Bg4 7. Be2 e6 8. 0-0 Bd6 9. c3 Ne7 10. Qd3 Ned5 11. Ne4 Nxe4 12. Qxe4 Bf5 13. Qh4 Be7 14. Qg3 Bd6 15. Qxg7 Qf6 16. Qxf6 Nxf6 17. Bg5 Ne4 18. Be3 Rg8 19. g3 0-0-0 20. Nh4 Bh3 21. Rfd1 f5 22. Bf1 Bxf1 23. Rxf1 f4 24. Bd2 Nxd2 25. Rfd1 Ne4 26. Nf3 fxg3 27. hxg3 Rdf8 28. Kg2 Ng5 29. Nxg5 Rxg5 30. Rh1 Rf7 31. Rh6 Kd7 32. Rah1 Rgf5 33. f4 c5 34. Rxh7 cxd4 35. cxd4 Kc6 36. Rxf7 Rxf7 37. Rd1 Kd5 38. a3 Rg7 39. Kf3 b6 40. Re1 a5 41. Re4 b5 42. g4 b4 43. axb4 axb4 44. b3 Rf7 45. Ke3 Bc7 46. g5 Rg7 47. Kf3 Bd6 48. Ke3 Rf7 49. Kf3 Rh7 50. g6 Rg7 51. f5 exf5 52. Re8 Rxg6 53. Rd8 Rg3+ 54. Kf2 Rxb3 55. Ke2 f4 56. Kf2 Rb2+ 57. Kf3 b3 58. Rc8 Rc2 59. Ra8 b2 60. Ra5+ Kxd4 61. Ra4+ Rc4 62. Rxc4+ Kxc4 63. Ke2 b1Q 64. Kf3 Qd3+ 65. Kg4 Qg3+ 66. Kf5 Kd4 67. Kf6 Kd5 68. Kf7 Qg5 69. Ke8 Qg7 70. Kd8 Qe7+ 71. Kc8 Qc7# 0-1

[Event "AUT-ch Vor2 Internet"]
[Site "Playchess.com INT"]
[Date "2020.04.13"]
[Round "4"]
[White "Maderner, Arnulf"]
[Black "Hechl, Gerald"]
[Result "0-1"]
[WhiteElo "1687"]
[BlackElo "2333"]
[PlyCount "60"]
[EventDate "2020.04.13"]
[EventType "swiss (blitz)"]
[EventRounds "9"]
[EventCountry "AUT"]
[SourceTitle "CBM 195 Extra"]
[Source "ChessBase"]
[SourceDate "2020.05.31"]
[SourceVersion "1"]
[SourceVersionDate "2020.05.31"]
[SourceQuality "1"]

1. e4 d6 2. d4 Nf6 3. Nc3 Nbd7 4. Nf3 e5 5. dxe5 dxe5 6. Be2 Bb4 7. Bd3 c6 8. Bd2 0-0 9. 0-0 Qc7 10. a3 Be7 11. Re1 h6 12. Bc4 b5 13. Ba2 a5 14. Be3 Bb7 15. Qd3 Nc5 16. Bxc5 Bxc5 17. Rad1 Qb6 18. Qe2 Ba6 19. Nxe5 b4 20. Bc4 bxc3 21. bxc3 Bxc4 22. Nxc4 Qa6 23. e5 Nd5 24. e6 Nxc3 25. exf7+ Kh8 26. Qg4 Nxd1 27. Rxd1 Rxf7 28. Ne5 Rxf2 29. Ng6+ Kh7 30. Qe4 Rf1# 0-1

[Event "AUT-ch Vor2 Internet"]
[Site "Playchess.com INT"]
[Date "2020.04.13"]
[Round "3"]
[White "Maderner, Arnulf"]
[Black "Hofer, Maximilian"]
[Result "1-0"]
[WhiteElo "1687"]
[BlackElo "2108"]
[PlyCount "83"]
[EventDate "2020.04.13"]
[EventType "swiss (blitz)"]
[EventRounds "9"]
[EventCountry "AUT"]
[SourceTitle "CBM 195 Extra"]
[Source "ChessBase"]
[SourceDate "2020.05.31"]
[SourceVersion "1"]
[SourceVersionDate "2020.05.31"]
[SourceQuality "1"]

1. e4 e5 2. Nf3 Nc6 3. Bc4 Nf6 4. Ng5 d5 5. exd5 b5 6. Bxb5 Qxd5 7. Bxc6+ Qxc6 8. 0-0 Bb7 9. Qf3 Qb6 10. Qb3 Qxb3 11. axb3 Bd6 12. d3 h6 13. Nf3 0-0 14. Nc3 a6 15. Be3 e4 16. dxe4 Nxe4 17. Ra4 f5 18. Rfa1 g5 19. Nd4 Nc5 20. Ra5 f4 21. Bd2 g4 22. f3 gxf3 23. Nxf3 Ra7 24. b4 Ne4 25. Nxe4 Bxe4 26. c3 Bd3 27. Ne1 Bb5 28. b3 c5 29. c4 Bc6 30. Rxa6 Rxa6 31. Rxa6 Rc8 32. bxc5 Be5 33. Nf3 Bg7 34. Kf2 Bb7 35. Ra7 Bc6 36. b4 Be4 37. Bxf4 Rd8 38. Bd6 Bd3 39. b5 Bxc4 40. b6 Bd5 41. b7 Bxb7 42. Rxb7 1-0

[Event "St Veit op-B 36th"]
[Site "St Veit"]
[Date "2017.07.08"]
[Round "1.2"]
[White "Maderner, Arnulf"]
[Black "Lang, Karl"]
[Result "0-1"]
[WhiteElo "1716"]
[BlackElo "2022"]
[PlyCount "75"]
[EventDate "2017.07.08"]
[EventType "swiss"]
[EventRounds "9"]
[EventCountry "AUT"]
[SourceTitle "EXT 2024"]
[Source "ChessBase"]
[SourceDate "2023.10.10"]
[SourceVersion "1"]
[SourceVersionDate "2023.10.10"]
[SourceQuality "1"]

1. e4 e5 2. Nf3 Nc6 3. Bc4 Be7 4. c3 Nf6 5. d3 0-0 6. 0-0 d6 7. Re1 Na5 8. Bb5 c6 9. Ba4 b5 10. Bc2 Bg4 11. Nbd2 Nb7 12. Nf1 a5 13. Ng3 h6 14. h3 Be6 15. Be3 Nh7 16. Qd2 Ng5 17. Nxg5 hxg5 18. Bd1 g6 19. d4 f5 20. d5 cxd5 21. exd5 Bf7 22. Qd3 f4 23. Qxb5 Qb8 24. Qd7 Re8 25. c4 fxe3 26. Rxe3 Nc5 27. Qb5 Qxb5 28. cxb5 Bxd5 29. Bc2 Kg7 30. Ne2 Be6 31. Nc3 a4 32. Rd1 Reb8 33. Rg3 Rh8 34. Nd5 Bxd5 35. Rxd5 Rh4 36. b3 axb3 37. Bxb3 Rb4 38. Rxg5 0-1

[Event "Krk Golden Island op 3rd"]
[Site "Malinska"]
[Date "2015.10.23"]
[Round "9"]
[White "Valkovic, Kristian"]
[Black "Maderner, Arnulf"]
[Result "1-0"]
[WhiteElo "2078"]
[BlackElo "1750"]
[PlyCount "51"]
[EventDate "2015.10.17"]
[EventType "swiss"]
[EventRounds "9"]
[EventCountry "CRO"]
[SourceTitle "CBM 168 Extra"]
[Source "ChessBase"]
[SourceDate "2015.10.29"]
[SourceVersion "1"]
[SourceVersionDate "2015.10.29"]
[SourceQuality "1"]

1. d4 d5 2. Nf3 Nf6 3. Bf4 Bf5 4. e3 e6 5. Ne5 c6 6. g4 Bg6 7. h4 Nfd7 8. Nxd7 Nxd7 9. h5 Bxc2 10. Qxc2 Bb4+ 11. Nc3 f6 12. a3 Qa5 13. Rc1 Be7 14. Bg2 e5 15. Bg3 0-0 16. 0-0 e4 17. f3 f5 18. gxf5 Rxf5 19. fxe4 Rxh5 20. e5 Qd8 21. Rf5 Rh6 22. Rcf1 Bh4 23. Bh2 g5 24. e4 Qb6 25. Qd2 dxe4 26. Nxe4 1-0

[Event "Krk Golden Island op 3rd"]
[Site "Malinska"]
[Date "2015.10.18"]
[Round "3"]
[White "Maderner, Arnulf"]
[Black "Hrbek, Stepan"]
[Result "0-1"]
[WhiteElo "1750"]
[BlackElo "1711"]
[PlyCount "60"]
[EventDate "2015.10.17"]
[EventType "swiss"]
[EventRounds "9"]
[EventCountry "CRO"]
[SourceTitle "CBM 168 Extra"]
[Source "ChessBase"]
[SourceDate "2015.10.29"]
[SourceVersion "1"]
[SourceVersionDate "2015.10.29"]
[SourceQuality "1"]

1. e4 e5 2. Nf3 Nc6 3. Bc4 Bc5 4. c3 Nf6 5. d4 exd4 6. e5 d5 7. exd6 Qxd6 8. 0-0 0-0 9. Bg5 Ne4 10. Bh4 dxc3 11. Nxc3 Nxc3 12. bxc3 Bf5 13. Bg3 Qxd1 14. Raxd1 Bb6 15. Bd5 Bd7 16. Ng5 Bg4 17. Rd2 h6 18. Bf3 hxg5 19. Bxg4 f5 20. Bd1 f4 21. Rd5 fxg3 22. hxg3 Rae8 23. Rxg5 Rf6 24. Bf3 Re5 25. Rg4 Rd6 26. c4 Rd2 27. Bd5+ Kf8 28. Rf4+ Ke8 29. Rf7 Nd4 30. Rxg7 Ne2+ 0-1

[Event "Krk Golden Island op 1st"]
[Site "Malinska"]
[Date "2013.04.07"]
[Round "2"]
[White "Bogdanic, Katarina"]
[Black "Maderner, Arnulf"]
[Result "1-0"]
[WhiteElo "1426"]
[BlackElo "1772"]
[PlyCount "139"]
[EventDate "2013.04.06"]
[EventType "swiss"]
[EventRounds "9"]
[EventCountry "CRO"]
[SourceTitle "CBM 153 Extra"]
[Source "ChessBase"]
[SourceDate "2013.04.22"]
[SourceVersion "1"]
[SourceVersionDate "2013.04.22"]
[SourceQuality "1"]

1. c4 Nf6 2. d4 g6 3. Nc3 Bg7 4. e4 d6 5. Nf3 0-0 6. h3 b6 7. Be3 Bb7 8. Bd3 Na6 9. a3 c5 10. d5 Qc7 11. 0-0 Bc8 12. Qd2 Re8 13. Rfe1 Qd7 14. Rab1 Nc7 15. Bc2 a6 16. b4 Qd8 17. Nh2 Bd7 18. bxc5 bxc5 19. Bf4 Nh5 20. Ne2 Nxf4 21. Nxf4 Rf8 22. Nf3 Rb8 23. Nd3 f6 24. Rxb8 Qxb8 25. Rb1 Qa7 26. Qd1 Rb8 27. Rxb8+ Qxb8 28. Qb1 Qa7 29. Kh2 Na8 30. Qa2 Kf7 31. Nd2 Nb6 32. Nb2 Qc7 33. g3 e6 34. Kg2 exd5 35. exd5 f5 36. Bb3 Qd8 37. Nf3 Qe7 38. Nd3 Qe4 39. Nde1 h6 40. Qc2 Qe8 41. Qd3 Ba4 42. Nc2 Bd7 43. Nd2 Na4 44. Ne3 Qe5 45. Nd1 Nb2 46. Qe3 Nxd1 47. Qxe5 Bxe5 48. Bxd1 g5 49. f3 Kf6 50. g4 Bb2 51. Nb1 Ke5 52. Kf2 Kd4 53. Bb3 Kd3 54. Kg2 fxg4 55. fxg4 Be8 56. Kf1 Bg6 57. Ke1 Bc3+ 58. Kd1 Be4 59. Bc2+ Kd4 60. Bxe4 Kxe4 61. Nxc3+ Kf3 62. Kd2 Kg3 63. Ne4+ Kxh3 64. Nxd6 Kxg4 65. Nb7 Kf5 66. Nxc5 Ke5 67. Nd3+ Kd6 68. Ke3 h5 69. Ke4 h4 70. Kf3 1-0